000 00656nam a22001815i 4500
001 54448
003 ES-MaACL
007 t|
008 960722s1898 sp ||||1| spa d
040 _aCAM
_bspa
_cCAM
100 1 _aForns, Rafael María.
_951796
245 1 0 _aCasuística oto-rino-laringológica
_b: conferencias con presentación de enfermos dadas en la Escuela Práctica de Especialidades Médicas /
_cpor el Dr. Forns.
250 _a2ª ed.
260 _aMadrid :
_b[s.n.],
_c1898 (
_fEstablecimiento tipográfico Sucesores de Cuesta)
300 _a[2], 56 p. ;
_c20 cm.
650 1 4 _aOtorrinolaringología.
_915780
852 _aES-MaACL
_jT-929-F-1
999 _c54448
_d54448